000 00709nam a22002657a 4500
001 BR0001754
003 BR-BrBNA
005 20230928100544.0
007 ta
008 230509b bl.||||| |||| 00| 0 por d
040 _aBR-BrBNA
_bpor
_cBiblioteca Nacional de Agricultura
041 _a(Por)
072 _aE10
090 _ E10 BR0001754
110 1 _aDelegacia Federal de Agricultura de Pernambuco, Recife (Brasil)
_93056
245 1 _aPlano de acao para o ano 2000
260 3 _aRecife, PE (Brasil):
_c2000.
300 _a32 p.
500 _a44 tables
650 _aPolitica Agricola
650 _aAgribusiness
650 _aPernambuco
909 _a202309
_bLucia
_c55
_dLucia Elande
942 _cBK
999 _c61797
_d61797